[Event "Olympiad-44"]
[Site "Chennai"]
[Date "2022.08.02"]
[Round "5.2"]
[White "Mushore, Emarald Takudzwa"]
[Black "Murphy, Conor"]
[Result "0-1"]
[WhiteElo "2153"]
[BlackElo "2404"]
[PlyCount "74"]
[EventDate "2022.07.29"]
[EventType "team-swiss"]
[EventRounds "11"]
[EventCountry "IND"]
[SourceTitle "CBM 210"]
[Source "ChessBase"]
[SourceDate "2022.10.31"]
[SourceVersion "1"]
[SourceVersionDate "2022.10.31"]
[SourceQuality "1"]
[WhiteTeam "Zimbabwe"]
[BlackTeam "Ireland"]
[WhiteTeamCountry "ZIM"]
[BlackTeamCountry "IRL"]

1. e4 e5 2. Nf3 Nc6 3. Bc4 Nf6 4. d3 Bc5 5. c3 a6 6. 0-0 d6 7. Bb3 Ba7 8. Nbd2 0-0 9. h3 h6 10. Re1 Re8 11. Nf1 Be6 12. Bc2 d5 13. exd5 Bxd5 14. Ng3 Re6 15. Qe2 Qd7 16. Be3 Nd4 17. Bxd4 exd4 18. Qd1 Rxe1+ 19. Nxe1 Re8 20. c4 Be6 21. Nf3 c5 22. Nd2 Bb8 23. Qf3 Bxg3 24. Qxg3 Bf5 25. Qf3 Bg6 26. Rd1 Bh5 27. g4 Nxg4 28. Ne4 Rxe4 29. dxe4 Nf6 30. Qf4 Bxd1 31. Bxd1 Qe6 32. Bf3 g5 33. Qb8+ Kg7 34. e5 Nd7 35. Qxb7 Nxe5 36. Bd5 Qxh3 37. Bg2 Qe6 0-1

[Event "Olympiad-44"]
[Site "Chennai"]
[Date "2022.08.01"]
[Round "4.2"]
[White "Mushore, Emarald Takudzwa"]
[Black "Wojciechowski, Paul"]
[Result "1-0"]
[WhiteElo "2153"]
[BlackElo "1944"]
[PlyCount "69"]
[EventDate "2022.07.29"]
[EventType "team-swiss"]
[EventRounds "11"]
[EventCountry "IND"]
[SourceTitle "CBM 210"]
[Source "ChessBase"]
[SourceDate "2022.10.31"]
[SourceVersion "1"]
[SourceVersionDate "2022.10.31"]
[SourceQuality "1"]
[WhiteTeam "Zimbabwe"]
[BlackTeam "Jersey"]
[WhiteTeamCountry "ZIM"]
[BlackTeamCountry "GCI"]

1. e4 c5 2. Nf3 d6 3. d4 cxd4 4. Nxd4 Nf6 5. Nc3 a6 6. Be3 e5 7. Nb3 Be6 8. f3 Nbd7 9. Qd2 Be7 10. g4 Nb6 11. 0-0-0 0-0 12. Kb1 Rc8 13. g5 Nfd7 14. h4 Qc7 15. h5 f5 16. gxf6 Nxf6 17. Qg2 Rf7 18. Bd3 Nc4 19. Bxc4 Qxc4 20. Rd3 Qc7 21. f4 exf4 22. Bxf4 Nd7 23. Bg5 Bxg5 24. Qxg5 Bxb3 25. axb3 Ne5 26. Rdd1 Rf2 27. Qe3 Rcf8 28. Qd4 R8f6 29. h6 g6 30. Qd5+ Kf8 31. Qd4 b5 32. Rhe1 a5 33. Re2 Rxe2 34. Nxe2 Ke7 35. Nc3 1-0

[Event "Olympiad-44"]
[Site "Chennai"]
[Date "2022.07.31"]
[Round "3.3"]
[White "Mushore, Emarald Takudzwa"]
[Black "Terry, Renato"]
[Result "0-1"]
[WhiteElo "2153"]
[BlackElo "2502"]
[PlyCount "90"]
[EventDate "2022.07.29"]
[EventType "team-swiss"]
[EventRounds "11"]
[EventCountry "IND"]
[SourceTitle "CBM 210"]
[Source "ChessBase"]
[SourceDate "2022.10.31"]
[SourceVersion "1"]
[SourceVersionDate "2022.10.31"]
[SourceQuality "1"]
[WhiteTeam "Zimbabwe"]
[BlackTeam "Peru"]
[WhiteTeamCountry "ZIM"]
[BlackTeamCountry "PER"]

1. e4 g6 2. d4 Bg7 3. Nc3 c6 4. Nf3 d5 5. e5 Nh6 6. h3 f6 7. exf6 exf6 8. Be2 0-0 9. 0-0 Nd7 10. Re1 Re8 11. Bf4 Nf8 12. Qd2 Nf7 13. Bf1 Ne6 14. Bg3 Bh6 15. Qd1 Bd7 16. Rb1 b5 17. b3 Bf8 18. Re3 Nd6 19. Bd3 Qa5 20. Qe1 Nf7 21. Ne2 Qxe1+ 22. Nxe1 Bh6 23. f4 Nd6 24. c3 Ng7 25. Rxe8+ Rxe8 26. Nc2 Bf5 27. Nc1 Nh5 28. Bf2 Nxf4 29. Bxf5 Nxf5 30. Kf1 Nd6 31. Nb4 Ne4 32. Be1 Re6 33. Na6 Bf8 34. b4 g5 35. Ra1 f5 36. a4 bxa4 37. Rxa4 g4 38. Ra2 Rh6 39. Ne2 gxh3 40. gxh3 Nxe2 41. Kxe2 Rxh3 42. Ra3 f4 43. Nc5 f3+ 44. Kd1 Bxc5 45. bxc5 Rh1 0-1

[Event "Olympiad-44"]
[Site "Chennai"]
[Date "2022.07.30"]
[Round "2.2"]
[White "Miswadah, Baha"]
[Black "Mushore, Emarald Takudzwa"]
[Result "0-1"]
[WhiteElo "1985"]
[BlackElo "2153"]
[PlyCount "114"]
[EventDate "2022.07.29"]
[EventType "team-swiss"]
[EventRounds "11"]
[EventCountry "IND"]
[SourceTitle "CBM 210"]
[Source "ChessBase"]
[SourceDate "2022.10.31"]
[SourceVersion "1"]
[SourceVersionDate "2022.10.31"]
[SourceQuality "1"]
[WhiteTeam "Palestine"]
[BlackTeam "Zimbabwe"]
[WhiteTeamCountry "PLE"]
[BlackTeamCountry "ZIM"]

1. d4 Nf6 2. Bf4 e6 3. e3 d5 4. Nf3 Bd6 5. Bg3 0-0 6. Bd3 c5 7. c3 Nc6 8. Nbd2 Re8 9. Ne5 Ne7 10. f4 b6 11. Qf3 Bb7 12. Bf2 Qc8 13. g4 Nd7 14. Qh3 Nf8 15. Rg1 Ba6 16. Bc2 b5 17. Qh5 Bxe5 18. dxe5 Neg6 19. Nf3 Qb7 20. Nd2 b4 21. Rb1 Qb5 22. c4 Qa5 23. Bb3 Rad8 24. Ke2 Qc7 25. Rbd1 Qc6 26. Bg3 dxc4 27. Nxc4 Qe4 28. Rc1 Rd4 29. Kf2 Bxc4 30. Bxc4 Rxc4 31. g5 Rd8 32. Qe2 Rxc1 33. Rxc1 Rd5 34. Rc4 Qh1 35. e4 Rd1 36. Ke3 Rc1 37. Kd2 Rg1 38. Ke3 Rg2 39. Qf3 Qg1+ 40. Bf2 Qxh2 41. Rxc5 Qxf4+ 42. Qxf4 Nxf4 43. Ra5 Nh3 44. Be1 Rxb2 45. Rxa7 Nxg5 46. Kd3 Nf3 47. Bg3 g5 48. Ke3 g4 49. a4 h5 50. a5 Rb3+ 51. Kf2 Ng6 52. a6 h4 53. Bxh4 Nfxh4 54. Ra8+ Kg7 55. a7 Ra3 56. Rb8 g3+ 57. Kf1 Ra2 0-1

[Event "Olympiad-44"]
[Site "Chennai"]
[Date "2022.07.29"]
[Round "1.3"]
[White "Narayanan, Sunilduth Lyna"]
[Black "Mushore, Emarald Takudzwa"]
[Result "1-0"]
[WhiteElo "2659"]
[BlackElo "2153"]
[PlyCount "65"]
[EventDate "2022.07.29"]
[EventType "team-swiss"]
[EventRounds "11"]
[EventCountry "IND"]
[SourceTitle "CBM 210"]
[Source "ChessBase"]
[SourceDate "2022.10.31"]
[SourceVersion "1"]
[SourceVersionDate "2022.10.31"]
[SourceQuality "1"]
[WhiteTeam "India"]
[BlackTeam "Zimbabwe"]
[WhiteTeamCountry "IND"]
[BlackTeamCountry "ZIM"]

1. c4 Nf6 2. Nc3 e6 3. e4 d6 4. d4 Nbd7 5. Nf3 e5 6. Be2 c6 7. 0-0 Be7 8. Qc2 0-0 9. Rd1 Qc7 10. h3 Re8 11. Be3 Bf8 12. d5 a5 13. a3 Nc5 14. b4 axb4 15. axb4 Rxa1 16. Rxa1 Na6 17. Qb2 c5 18. bxc5 Nxc5 19. Nd2 Bd7 20. Bxc5 dxc5 21. Bd1 Rb8 22. Ba4 Ra8 23. Bxd7 Rxa1+ 24. Qxa1 Nxd7 25. Qa8 Qb8 26. Qa4 Qd8 27. Qb5 Qc7 28. Nb3 g6 29. Na5 b6 30. Nc6 Qb7 31. Qa4 Kg7 32. Nb5 Kg8 33. Qa1 1-0

[Event "African-ch rapid"]
[Site "Casablanca"]
[Date "2019.08.27"]
[Round "7"]
[White "Amba, Oyon Marius Claude"]
[Black "Mushore, Emarald Takudzwa"]
[Result "0-1"]
[WhiteElo "1911"]
[BlackElo "2198"]
[PlyCount "96"]
[EventDate "2019.08.26"]
[EventType "swiss (rapid)"]
[EventRounds "9"]
[EventCountry "MAR"]
[SourceTitle "EXT 2020"]
[Source "ChessBase"]
[SourceDate "2019.10.17"]
[SourceVersion "1"]
[SourceVersionDate "2019.10.17"]
[SourceQuality "1"]

1. e4 e5 2. Nf3 Nc6 3. Bb5 a6 4. Ba4 Nf6 5. 0-0 Be7 6. d4 exd4 7. e5 Nd5 8. Nxd4 0-0 9. Nf5 Nb6 10. Qg4 g6 11. Bh6 Re8 12. Nc3 d5 13. Nxe7+ Qxe7 14. Qg3 Nxa4 15. Nxd5 Qxe5 16. Qxe5 Rxe5 17. Nxc7 Rb8 18. Bf4 Re4 19. Bg3 Nb6 20. Rad1 Bf5 21. Nxa6 Rd8 22. Rxd8+ Nxd8 23. Nc5 Rc4 24. Bc7 Rxc5 25. Bxb6 Rd5 26. c4 Rd7 27. Re1 Nc6 28. a3 Bc2 29. h3 Bb3 30. Re4 f5 31. Re8+ Kf7 32. Rh8 Kg7 33. Re8 Bxc4 34. b4 Bb5 35. Ra8 h5 36. h4 Ne5 37. a4 Ng4 38. g3 Bc6 39. Rd8 Rxd8 40. Bxd8 Bxa4 41. f3 Ne5 42. Kg2 Bc6 43. Bc7 Nxf3 44. b5 Be4 45. Kf2 Kf7 46. Ke3 g5 47. hxg5 Nxg5 48. Kd4 Ne6+ 0-1

[Event "African-ch rapid"]
[Site "Casablanca"]
[Date "2019.08.26"]
[Round "3"]
[White "Arab, Adlane"]
[Black "Mushore, Emarald Takudzwa"]
[Result "1-0"]
[WhiteElo "2485"]
[BlackElo "2198"]
[PlyCount "111"]
[EventDate "2019.08.26"]
[EventType "swiss (rapid)"]
[EventRounds "9"]
[EventCountry "MAR"]
[SourceTitle "EXT 2020"]
[Source "ChessBase"]
[SourceDate "2019.10.17"]
[SourceVersion "1"]
[SourceVersionDate "2019.10.17"]
[SourceQuality "1"]

1. d4 Nf6 2. c4 e6 3. Nf3 d5 4. Nc3 Be7 5. Bf4 0-0 6. e3 c5 7. dxc5 Nc6 8. a3 Bxc5 9. Qc2 Qa5 10. Rd1 Be7 11. Nd2 e5 12. Bg3 d4 13. Nb3 Qd8 14. exd4 exd4 15. Nb5 Bc5 16. Nxc5 Qe7+ 17. Be2 Qxc5 18. Bd6 Qg5 19. 0-0 Bf5 20. Bd3 Bxd3 21. Rxd3 Rfd8 22. c5 Qg6 23. Qd1 Ne4 24. Nxd4 Nxd4 25. Rxd4 b6 26. b4 Rac8 27. Re1 Re8 28. Re3 h6 29. h3 f5 30. cxb6 axb6 31. Bf4 Qf6 32. f3 Ng5 33. Rd6 Qb2 34. Bxg5 hxg5 35. Qd5+ Kh8 36. Rxe8+ Rxe8 37. Qxf5 Qc1+ 38. Kh2 Qc7 39. Qd7 Qb8 40. Kg1 Rc8 41. Rd1 b5 42. Qf5 Rd8 43. Rf1 Qg3 44. Qg4 Qe5 45. f4 Qd4+ 46. Kh2 gxf4 47. Rxf4 Qd6 48. Qg3 Kg8 49. Rg4 Qf6 50. Rg6 Qa1 51. Rg5 Rd1 52. Qb3+ Kh7 53. Qc2+ Kg8 54. Qc8+ Kh7 55. Qf5+ Kg8 56. Qe6+ 1-0

[Event "Olympiad-43"]
[Site "Batumi"]
[Date "2018.10.03"]
[Round "9.2"]
[White "Mushore, Emarald Takudzwa"]
[Black "Varezhkin, Viktor"]
[Result "1-0"]
[WhiteElo "2152"]
[BlackElo "2261"]
[PlyCount "97"]
[EventDate "2018.09.24"]
[EventType "team-swiss"]
[EventRounds "11"]
[EventCountry "GEO"]
[SourceTitle "CBM 187"]
[Source "ChessBase"]
[SourceDate "2018.12.11"]
[SourceVersion "1"]
[SourceVersionDate "2018.12.11"]
[SourceQuality "1"]
[WhiteTeam "Zimbabwe"]
[BlackTeam "ICCD"]
[WhiteTeamCountry "ZIM"]

1. e4 c5 2. Nf3 Nc6 3. Nc3 g6 4. d4 cxd4 5. Nxd4 Bg7 6. Be3 Nf6 7. Bc4 0-0 8. Bb3 d6 9. f3 Nxd4 10. Bxd4 Be6 11. Qd2 Qa5 12. 0-0-0 Bxb3 13. cxb3 Rfd8 14. Kb1 Rac8 15. h4 e5 16. Be3 Nh5 17. g4 Nf4 18. h5 g5 19. h6 Bf8 20. Bxf4 gxf4 21. Nd5 Qxd2 22. Rxd2 f6 23. Nxf6+ Kf7 24. Nd5 Be7 25. Rh5 Rg8 26. a4 Ke6 27. Rhh2 Rg6 28. b4 a6 29. Rc2 Rgg8 30. Ka2 Bg5 31. a5 Rc6 32. Kb3 Kd7 33. Rc3 Bd8 34. Ka4 Rg6 35. b5 Rc5 36. Rxc5 dxc5 37. Rh5 Bg5 38. b3 Kd6 39. b6 Kc6 40. b4 cxb4 41. Nxb4+ Kd6 42. Nd3 Rg8 43. Kb3 Ke6 44. Nc5+ Kd6 45. Kb4 Be7 46. Rf5 Rc8 47. Nd3 Ke6+ 48. Kb3 Bd6 49. Rg5 1-0

[Event "Olympiad-43"]
[Site "Batumi"]
[Date "2018.10.02"]
[Round "8.2"]
[White "Gonzalez Vidal, Yuri"]
[Black "Mushore, Emarald Takudzwa"]
[Result "1-0"]
[WhiteElo "2566"]
[BlackElo "2152"]
[PlyCount "115"]
[EventDate "2018.09.24"]
[EventType "team-swiss"]
[EventRounds "11"]
[EventCountry "GEO"]
[SourceTitle "CBM 187"]
[Source "ChessBase"]
[SourceDate "2018.12.11"]
[SourceVersion "1"]
[SourceVersionDate "2018.12.11"]
[SourceQuality "1"]
[WhiteTeam "Cuba"]
[BlackTeam "Zimbabwe"]
[WhiteTeamCountry "CUB"]
[BlackTeamCountry "ZIM"]

1. e4 e5 2. Nf3 Nc6 3. Bc4 Nf6 4. d3 Be7 5. 0-0 0-0 6. Re1 d6 7. a4 Na5 8. Ba2 c5 9. Na3 a6 10. c3 Nc6 11. Bd2 Rb8 12. Nc4 b5 13. axb5 axb5 14. Ne3 Be6 15. Bd5 Qc8 16. Qb3 h6 17. Qa2 Bd8 18. b4 Bb6 19. Rec1 Qd7 20. bxc5 Bxc5 21. Rab1 Rfc8 22. Bxe6 fxe6 23. Be1 Kh7 24. Qe2 Rf8 25. Nc2 Ba7 26. Na3 Nh5 27. Nxb5 Nf4 28. Qd1 Bb6 29. g3 Nh5 30. Ng5+ Kg6 31. Nh3 Nf6 32. Kg2 d5 33. Qe2 Kh7 34. Na3 Kh8 35. Nc2 Bc5 36. f3 Rfc8 37. Bf2 Qa7 38. Ra1 Qe7 39. Rcb1 Bxf2 40. Nxf2 Qc5 41. Nd1 Ne8 42. Qf2 d4 43. c4 Nd6 44. Qd2 Rb6 45. Nb2 Rb7 46. Na4 Qa5 47. Qxa5 Nxa5 48. Nb6 Rc5 49. f4 Nc6 50. fxe5 Nxe5 51. Nxd4 Nxd3 52. Nxe6 Re5 53. Ra8+ Kh7 54. Nf8+ Kg8 55. Nfd7+ Re8 56. Rxe8+ Nxe8 57. c5 Nf6 58. c6 1-0

[Event "Olympiad-43"]
[Site "Batumi"]
[Date "2018.09.30"]
[Round "6.50"]
[White "Mushore, Emarald Takudzwa"]
[Black "Adu, Oladapo"]
[Result "1/2-1/2"]
[WhiteElo "2152"]
[BlackElo "2299"]
[PlyCount "91"]
[EventDate "2018.09.24"]
[EventType "team-swiss"]
[EventRounds "11"]
[EventCountry "GEO"]
[SourceTitle "CBM 187"]
[Source "ChessBase"]
[SourceDate "2018.12.11"]
[SourceVersion "1"]
[SourceVersionDate "2018.12.11"]
[SourceQuality "1"]
[WhiteTeam "Zimbabwe"]
[BlackTeam "Nigeria"]
[WhiteTeamCountry "ZIM"]
[BlackTeamCountry "NGR"]

1. e4 c5 2. Nf3 d6 3. d4 cxd4 4. Nxd4 Nf6 5. Nc3 a6 6. Be3 Ng4 7. Bg5 h6 8. Bh4 g5 9. Bg3 Bg7 10. h3 Ne5 11. f3 Nbc6 12. Bf2 Nxd4 13. Bxd4 Be6 14. Qd2 Qa5 15. a3 Rc8 16. 0-0-0 Rg8 17. Kb1 b5 18. Nd5 Qxd2 19. Rxd2 Bxd5 20. Bxe5 Bxe5 21. Rxd5 e6 22. Rd3 Ke7 23. Be2 Bg3 24. Rhd1 Rc6 25. Rd4 Rgc8 26. c3 Bf2 27. R4d2 Be3 28. Rd3 Bf4 29. Rd4 Rb6 30. Rb4 Be3 31. a4 Rcb8 32. axb5 axb5 33. Kc2 Bc5 34. Rb3 h5 35. Rf1 b4 36. f4 bxc3 37. Rxb6 Bxb6 38. bxc3 Rg8 39. f5 g4 40. hxg4 hxg4 41. Rh1 exf5 42. exf5 Kf6 43. Bd3 Be3 44. Be4 Bf4 45. Kd3 Rc8 46. Rh7 1/2-1/2

[Event "Olympiad-43"]
[Site "Batumi"]
[Date "2018.09.27"]
[Round "4.47"]
[White "Mehmeti, Dritan"]
[Black "Mushore, Emarald Takudzwa"]
[Result "0-1"]
[WhiteElo "2391"]
[BlackElo "2152"]
[PlyCount "42"]
[EventDate "2018.09.24"]
[EventType "team-swiss"]
[EventRounds "11"]
[EventCountry "GEO"]
[SourceTitle "CBM 187"]
[Source "ChessBase"]
[SourceDate "2018.12.11"]
[SourceVersion "1"]
[SourceVersionDate "2018.12.11"]
[SourceQuality "1"]
[WhiteTeam "Albania"]
[BlackTeam "Zimbabwe"]
[WhiteTeamCountry "ALB"]
[BlackTeamCountry "ZIM"]

1. d4 Nf6 2. Bg5 d5 3. Bxf6 gxf6 4. c4 c5 5. e3 cxd4 6. exd4 Qb6 7. Nf3 Qxb2 8. Nbd2 Bh6 9. Be2 Rg8 10. Rb1 Bxd2+ 11. Nxd2 Qxd4 12. 0-0 Nc6 13. cxd5 Bh3 14. g3 Bxf1 15. dxc6 Bxe2 16. cxb7 Rb8 17. Qxe2 Qd5 18. Nc4 Kf8 19. Ne3 Qe4 20. Qb2 Rg5 21. Qc1 Rc5 0-1

[Event "Harare op"]
[Site "Harare"]
[Date "2015.12.28"]
[Round "1"]
[White "Mushore, Emarald Takudzwa"]
[Black "Moyo, Dion James"]
[Result "0-1"]
[WhiteElo "2201"]
[BlackElo "2083"]
[PlyCount "176"]
[EventDate "2015.12.28"]
[EventType "swiss"]
[EventRounds "9"]
[EventCountry "ZIM"]
[SourceTitle "EXT 2017"]
[Source "ChessBase"]
[SourceDate "2016.10.25"]
[SourceVersion "1"]
[SourceVersionDate "2016.10.25"]
[SourceQuality "1"]

1. e4 c5 2. Nf3 Nc6 3. Nc3 e5 4. Bc4 Be7 5. d3 Nf6 6. 0-0 0-0 7. Nd5 d6 8. c3 Bg4 9. h3 Bh5 10. g4 Bg6 11. Nh4 Rb8 12. Nxg6 hxg6 13. Qe2 Na5 14. Rd1 Nxd5 15. Bxd5 Bf6 16. f4 exf4 17. Bxf4 Nc6 18. Rf1 Ne7 19. Bb3 g5 20. Bg3 Ng6 21. Rf3 Be5 22. Raf1 Bxg3 23. Rxg3 b5 24. Qf2 Kh8 25. Qe3 f6 26. Rf2 Nh4 27. Bd5 b4 28. cxb4 Rxb4 29. a3 Rb6 30. d4 cxd4 31. Qxd4 Qb8 32. b4 Qe8 33. Rc3 Qd7 34. Rfc2 Rbb8 35. Bc6 Qe7 36. Rd2 Rfd8 37. Kf2 Rbc8 38. b5 Qc7 39. Qd5 Qb6+ 40. Kf1 Qc7 41. Rdd3 Qe7 42. a4 Ng6 43. Re3 Nf4 44. Qd4 Ne6 45. Qd2 Nc5 46. Qd4 a6 47. Kg2 Ne6 48. Qd1 axb5 49. axb5 Qa7 50. Qh1 Nf4+ 51. Kg3 Ng6 52. Qb1 Qd4 53. Kf3 Qd2 54. Qc2 Nh4+ 55. Kg3 Qd4 56. Kf2 Rf8 57. Ke1 Rc7 58. Qd2 Qb6 59. Qxd6 Rcc8 60. Ke2 Rcd8 61. Qc5 Qa5 62. b6 Qa2+ 63. Rc2 Qa1 64. Rc1 Qb2+ 65. Rc2 Qb1 66. Bd5 Ng2 67. Rc1 Qb2+ 68. Rc2 Qa1 69. Rb3 Qe1+ 70. Kd3 Nf4+ 71. Kc4 Nxd5 72. exd5 Qe4+ 73. Kc3 Rc8 74. Kb2 Rxc5 75. Rxc5 Qd4+ 76. Rcc3 Qxd5 77. b7 Qe5 78. Ka2 Rb8 79. Rc8+ Kh7 80. Rxb8 Qxb8 81. Rb5 g6 82. Ka3 Kh6 83. Ka4 Qa7+ 84. Kb4 Qb8 85. Ka5 f5 86. Ka6 f4 87. Rb2 Qd6+ 88. Ka7 Qa3+ 0-1